000 00474nam a2200157 4500
001 125876
003 ES-MaACL
005 20230906192720.0
007 t|
008 070214s1965 sp r ||||1| spa d
110 2 _aFederación Española de Clubs Náuticos.
_94101
245 1 0 _aReglamento Internacional de Regatas
_b: 1965.
260 _aBilbao :
_bFederación Española de Clubs Náuticos,
_c1965.
300 _a64 p. ;
_c17 cm.
852 _aES-MaACL
_jC-30610
_bR.56579
999 _c125876
_d125876